Regionálna konvergencia resp. divergencia na pozadí teoretických koncepcií

Vymedzenie teoretického rámca pre model konvergencie a divergencie. Chápanie konvergenčného procesu ako rastového procesu. Solowov model rastu. Neoklasická teória. Teória polarizácie. Teória endogénneho rastu. Nová ekonomická geografia. Teória inovatívnych klastrov a učiacich sa regiónov.

Uložené v:
Podrobná bibliografia
Hlavný autor: Buček, Milan
Ďalší autori: Gerulová, Lukrécia, 1978-
Médium: Kapitola
Jazyk:Slovak
Predmet:
Tagy: Pridať tag
Žiadne tagy, Buďte prvý, kto otaguje tento záznam!

MARC

LEADER 00000nla$a2200000$$$4500
001 0091300
005 20240502083232.3
041 0 |a slo 
044 |a CZ 
245 1 0 |a Regionálna konvergencia resp. divergencia na pozadí teoretických koncepcií  |c Milan Buček, Lukrécia Gerulová 
520 |a Vymedzenie teoretického rámca pre model konvergencie a divergencie. Chápanie konvergenčného procesu ako rastového procesu. Solowov model rastu. Neoklasická teória. Teória polarizácie. Teória endogénneho rastu. Nová ekonomická geografia. Teória inovatívnych klastrov a učiacich sa regiónov. 
610 2 0 |a teórie ekonomické 
610 2 0 |a modely rastu 
610 2 0 |a konvergencia 
610 2 0 |a kapitál 
610 2 0 |a práca 
610 2 0 |a pokrok 
610 2 0 |a vývoj 
610 2 0 |a sily pracovné 
610 2 0 |a rozvoj regionálny 
100 1 |a Buček, Milan 
700 1 |a Gerulová, Lukrécia, 1978-